MDQL
is popping MORE tags! Check the
thread
!
Quizzes
Events
Quiz Creation
Community
Videos
Private Events
Remove Ads
Sign In
Join for FREE
Feedback
Dark Mode
Quiz Categories
Sports
Geography
Music
Movies
Television
Just For Fun
Miscellaneous
History
Literature
Language
Science
Gaming
Entertainment
Religion
Holiday
For Kids
Quiz Lab
Recent
Popular Today
Quiz Kudos Today
Editor Picks
Curator Picks
Quizzes by...
Day
Popularity
Type
Ratings
Length
Year
Community
Subscriptions
Recent Discussions
Orange Saloon
Badges
Playlists
Quests
Create
Leaderboards
Showdown
Live 5
Trivia Bingo
Activity
Puzzle Library
Sporcle Events
Private Events
Virtual Trivia
Globe League
Become a Host
Pub Owners
SporcleCon
Opinionation
Our Games
Videos
Blog
Mobile Apps
Partnerships
Remove Ads and Go Orange
Feedback
Television
TV Characters
TV Show
Sitcom
Network
Friends
Reality Shows
Cast
South Park
Star Trek
The Simpsons
Doctor Who
Television
TV Characters
TV Show
Sitcom
Network
Friends
Reality Shows
Cast
South Park
Star Trek
The Simpsons
Doctor Who
Random Quiz
Search Sporcle
×
Quiz Lab
Quiz Lab
Television
Actor
Type in answers that appear in a list
Type in answers that appear in a list
Classic
Best Score? Go Orange.
Name the Korean Actors from Dramas Stats
Can you name the Name the Korean Actors?
By
NotChelseaKelly
10m
25 Questions
400 Plays
400 Plays
400 Plays
Comments
Comments
Give Quiz Kudos
Give Quiz Kudos
-
- Ratings
hide this ad
Replay
Link that replays current quiz
Next Quiz
Link to next quiz in quiz playlist
You Got
0%
They Got
Avg Score
38%
Avg Friend Score
Upgrade to see
Score Distribution
Jump to the score distribution portion of the page
Score
0/25
Timer
10:00
0
Plays Today
Dramas they have appeared in/gender
% Correct
Healer/
Male
Ji Chang-wook
83.2%
Who Are You -
School 2015/
Female
Kim So-hyun
80.2%
Producer/
Female
IU
76.7%
Pinocchio/
Male
Lee Jong-suk
73.7%
Blood/
Male
Ahn Jae-hyun
72.9%
Orange Marmalade/
Male
Yeo Jin-goo
55.6%
Sassy, Go Go/
Female
Jung Eun-ji
52.1%
Reply 1988/
Male
Park Bo-gum
51.9%
A Girl Who Sees Smells/
Male
Park Yoochun
48.9%
High Society/
Female
Uee
43.9%
Yong Pal/
Male
Joo Won
43.9%
Remember/
Female
Park Min-Young
39.3%
She Was Pretty/
Male
Choi Siwon
35.1%
Dramas they have appeared in/gender
% Correct
The Village:Achiara's Secret/
Female
Moon Geun-young
34.3%
Six Flying Dragons/
Female
Shin Se-kyung
30.1%
Oh My Venus/
Male
Henry
28.1%
Twenty Again/
Female
Choi Ji-woo
24.3%
Pride and Prejudice/
Male
Choi Jin-hyuk
21.6%
D-
Day/
Male
Kim Young-kwang
18.8%
Mask/
Female
Soo-Ae
18%
Warm and Cozy/
Male
Yoo Yeon-seok
16.5%
Falling for Innocence/
Male
Jung Kyung Ho
11.5%
I Remember You/
Female
Jang Na=ra
2.3%
Kill Me, Heal Me/
Female
Kwang Jung-eum
1%
Imaginary Cat/
Male
Cho Hye-jung
0.8%
Quiz Playlist
Details
Report
Send in Message
Add To Playlist
Classic:
Type in answers that appear in a list
Last Updated: Feb 16, 2017
Quiz Scoreboard
CHALLENGE
Sign Up to Join the Scoreboard
Show All
Scores
Hide
Comments
May contain spoilers
Recently Published
Colored Red Africa Blitz
by spor1
Geography
30s
Find the 'City' Movie
by crazypaving
Movies
60s
5x2 Blitz: Bands
by SL_Kpop136
Music
30s
More to Explore
Quiz From the Vault
Featured Blog Post
14 Easter Pick-up Lines to Find Eggs With
hide this ad
You Might Also Like...
Tags
Actor Quiz
Drama
Gender
Korean
Today's Top Quizzes in Television
Browse Television
hide this ad
Today's Top Quizzes in Actor
Browse Actor
Top Contributed Quizzes in Television
1
Survivor Journey Challenge
2
Brooklyn Nine Nine Logic Puzzle (How-To-Play)
3
Total Drama Characters
4
Phoebe Buffay Quotes
5
Survivor Heroes vs. Villains Logic Puzzle
6
Adjectives in 00s TV Shows
7
Survivor Trivia
8
Game of Thrones: Tywin Lannister Start to Finish
9
Emmerdale Characters (from August 2012)
10
Survivor Logic Puzzle: Heroes vs. Villains
Explore More
Trending Topics
Crossword
Kpop
Anime
NBA
Marvel
Disney
Harry Potter
NFL
WWE
The Office
Pokémon
Puzzle
Song
Soccer
Country
hide this ad
More By:
NotChelseaKelly
Quiz
Plays
Rating
Category
Featured
Created
Name the Korean Actors from Dramas
400
1.00
Television
Dec 31, 2015
Go to Creator's Profile
Score Distribution
Quiz Creator Spotlight
NotChelseaKelly
Follow
Send a Message
Quizzes Created
-
Created Quiz Play Count
-
More By This Creator
Popular Quizzes Today
1
Colored Red Africa Blitz
2
Find the US States - No Outlines Minefield
3
Find the 'City' Movie
4
5x2 Blitz: Bands
5
The Countries of the World
6
Find the US States
7
Find the Countries of Europe - No Outlines Minefield
8
US States
More Television Quizzes
Order Up: Star Trek TV Series
Published
Trending Quizzes
Colored Red Europe Blitz I
Colored Red Europe Blitz II
Colored Red Africa Blitz II
Colored Red Europe Blitz III
Colored Red Africa Blitz III
Recently Updated
How Do You Spell That?
pecheneg
Godzilla Movies
pecheneg
Grab Bag: 4-10 Letters
pecheneg
2024 March Madness Bracket
pecheneg
Famous TV Couples
Peacemaker
Champions League XIs: Real Madrid
pecheneg
Largest US Cities 1790-2010
pecheneg
Rides in Walt Disney World
pecheneg
Most Oscar Losses (Acting)
pecheneg
Beyoncé Albums
pecheneg
Trending Topics
Crossword
Harry Potter
Disney
Marvel
NBA
Anime
Kpop
Soccer
Country
Puzzle
NFL
Song
WWE
Pokémon
The Office
Your Account Isn't Verified!
In order to create a playlist on Sporcle, you need to verify the email address you used during registration. Go to your
Sporcle Settings
to finish the process.
Report this User
Report this user for behavior that violates our
Community Guidelines
.
Details:
Send Report
Go to the Sporcle.com Mobile Site →
Comments